| 000 | 00910nas a2200277 4500 | ||
|---|---|---|---|
| 001 | BR2013008438 | ||
| 003 | BR-BrBNA | ||
| 005 | 20231205123137.0 | ||
| 007 | ta | ||
| 008 | 230509b bl.|||p| |||| 00| 00por d | ||
| 040 |
_aBR-BrBNA _bpor _cBiblioteca Nacional de Agricultura |
||
| 041 | _a(Pt) | ||
| 072 | _aF06; F30; F62 | ||
| 100 | 1 | _aIto, T.M. | |
| 100 | 1 | _aRampim, M.C. | |
| 100 | 1 | _aPolido, P.B. | |
| 100 | 1 | _aSouza, S.G.H. de | |
| 245 | 1 | _aFatores de transcrição da família AP2/ERF e resposta em plantasaos estresses abióticos | |
| 650 | _aRESPOSTA DA PLANTA | ||
| 650 | _aMELHORAMENTO GENÉTICO VEGETAL | ||
| 650 | _aFISIOLOGIA VEGETAL | ||
| 650 | _aMEIO AMBIENTE | ||
| 773 | 0 |
_tArquivos de Ciências Veterinárias e Zoologia da Unipar (Brazil) _xISSN 1415-8167 _g(Jul-Dec 2012), v. 15(2) p. 207-214 _wBR2013008438 |
|
| 909 |
_a202311 _bLúcia _c55 _dLúcia Elande |
||
| 942 |
_2AGRIS _n0 _cANA |
||
| 999 |
_c232386 _d232386 |
||